|
|
|
|
| LEADER |
01427nam a2200349Ia 4500 |
| 001 |
EBC271083 |
| 003 |
MiAaPQ |
| 005 |
20200520144314.0 |
| 006 |
m o d | |
| 007 |
cr cn||||||||| |
| 008 |
960821s1997 nyua sb 001 0 eng d |
| 010 |
|
|
|z 96038552
|
| 020 |
|
|
|z 0195108043
|
| 035 |
|
|
|a (MiAaPQ)EBC271083
|
| 035 |
|
|
|a (Au-PeEL)EBL271083
|
| 035 |
|
|
|a (CaPaEBR)ebr10142307
|
| 035 |
|
|
|a (CaONFJC)MIL52904
|
| 035 |
|
|
|a (OCoLC)936849738
|
| 040 |
|
|
|a MiAaPQ
|c MiAaPQ
|d MiAaPQ
|
| 050 |
|
4 |
|a HD9539.C7
|b U547 1997
|
| 100 |
1 |
|
|a Lankton, Larry D.
|
| 245 |
1 |
0 |
|a Beyond the boundaries
|h [electronic resource] :
|b life and landscape at the Lake Superior copper mines, 1840-1875 /
|c Larry Lankton.
|
| 260 |
|
|
|a New York :
|b Oxford University Press,
|c 1997.
|
| 300 |
|
|
|a xvi, 247 p. :
|b ill.
|
| 504 |
|
|
|a Includes bibliographical references (p. 233-239) and index.
|
| 533 |
|
|
|a Electronic reproduction. Ann Arbor, MI : ProQuest, 2015. Available via World Wide Web. Access may be limited to ProQuest affiliated libraries.
|
| 650 |
|
0 |
|a Copper industry and trade
|z Michigan
|z Keweenaw Peninsula
|x History
|y 19th century.
|
| 650 |
|
0 |
|a Copper miners
|z Michigan
|z Keweenaw Peninsula
|x History
|y 19th century.
|
| 655 |
|
4 |
|a Electronic books.
|
| 700 |
1 |
|
|a Lankton, Larry D.
|t Cradle to grave.
|
| 710 |
2 |
|
|a ProQuest (Firm)
|
| 856 |
4 |
0 |
|u https://ebookcentral.proquest.com/lib/matrademy/detail.action?docID=271083
|z Click to View
|